Basic electrical engineering (Record no. 7166)

000 -LEADER
fixed length control field 00658nam a2200217 4500
001 - CONTROL NUMBER
control field 7166
003 - CONTROL NUMBER IDENTIFIER
control field BD-DhUET
008 - FIXED-LENGTH DATA ELEMENTS--GENERAL INFORMATION
fixed length control field 740521s1975 nyua 001 0 eng
020 ## - INTERNATIONAL STANDARD BOOK NUMBER
International Standard Book Number 0070211523
040 ## - CATALOGING SOURCE
Original cataloging agency DLC
Transcribing agency DLC
Modifying agency BD-DhUET
082 00 - DEWEY DECIMAL CLASSIFICATION NUMBER
Classification number 623
Item number FIT/1975
100 1# - MAIN ENTRY--PERSONAL NAME
Personal name Fitzgerald, A. E.
245 10 - TITLE STATEMENT
Title Basic electrical engineering
Remainder of title circuits,electronics,machines,control
Statement of responsibility, etc. by A. E. Fitzgerald, David E. Higginbotham and Arvin Grabel
250 ## - EDITION STATEMENT
Edition statement 4th ed.
260 ## - PUBLICATION, DISTRIBUTION, ETC. (IMPRINT)
Place of publication, distribution, etc. New York
Name of publisher, distributor, etc. McGraw-Hill
Date of publication, distribution, etc. 1975
300 ## - PHYSICAL DESCRIPTION
Extent xiv, 817 p.
Other physical details illus.
Dimensions 24 cm.
650 #0 - SUBJECT ADDED ENTRY--TOPICAL TERM
Topical term or geographic name as entry element Electricity : Engineering
700 ## - ADDED ENTRY--PERSONAL NAME
Personal name Higginbotham, David E.
700 ## - ADDED ENTRY--PERSONAL NAME
Personal name Grabel, Arvin
942 ## - ADDED ENTRY ELEMENTS (KOHA)
Koha item type General Book
Holdings
Withdrawn status Shelving location Koha date last seen Koha issues (times borrowed) Not for loan Koha item type Lost status Copy number Koha normalized classification for sorting Koha full call number Koha date last borrowed Location (home branch) Piece designation (barcode) Sublocation or collection (holding branch) Price effective from Source of classification or shelving scheme Date acquired Damaged status
 Circulation section2018-08-041 General Book 1623PIT1975623/PIT/19752018-07-21Central Library, BUET65364Central Library, BUET2014-12-07 2014-12-07 
 Circulation section2015-03-12  General Book 2623_000000000000000_PIT_1975623/PIT/1975 Central Library, BUET43309Central Library, BUET2015-03-12 2015-03-12 
 Circulation section2015-03-12  General Book 3623_000000000000000_PIT_1975623/PIT/1975 Central Library, BUET43314Central Library, BUET2015-03-12 2015-03-12 
 Circulation section2015-03-12  General Book 4623_000000000000000_PIT_1975623/PIT/1975 Central Library, BUET43676Central Library, BUET2015-03-12 2015-03-12 
 Circulation section2015-03-12  General Book 5623_000000000000000_PIT_1975623/PIT/1975 Central Library, BUET42843Central Library, BUET2015-03-12 2015-03-12 
 Circulation section2015-04-16  General Book 6623_000000000000000_FIT_1975623/FIT/1975 Central Library, BUET43308Central Library, BUET2015-04-16 2015-04-16 
 Circulation section2015-04-18  General Book 7623_000000000000000_FIT_1975623/FIT/1975 Central Library, BUET43316Central Library, BUET2015-04-18 2015-04-18 
 Circulation section2015-04-21  General Book 8623_000000000000000_FIT_1975623/FIT/1975 Central Library, BUET43310Central Library, BUET2015-04-21 2015-04-21 
 Circulation section2015-04-21  General Book 9623_000000000000000_FIT_1975623/FIT/1975 Central Library, BUET43677Central Library, BUET2015-04-21 2015-04-21 
 Circulation section2015-04-21  General Book 10623_000000000000000_FIT_1975623/FIT/1975 Central Library, BUET43313Central Library, BUET2015-04-21 2015-04-21 
 Circulation section2015-04-21  General Book 11623_000000000000000_FIT_1975623/FIT/1975 Central Library, BUET43307Central Library, BUET2015-04-21 2015-04-21 
 Circulation section2015-04-21  General Book 12623_000000000000000_FIT_1975623/FIT/1975 Central Library, BUET51101Central Library, BUET2015-04-21 2015-04-21 
 Reading section2015-06-28  Reading Item 13623_000000000000000_FIT_1975623/FIT/1975 Central Library, BUET42841Central Library, BUET2015-06-28 2015-06-28 
 Reading section2015-06-28  Reading Item 14623_000000000000000_FIT_1975623/FIT/1975 Central Library, BUET42840Central Library, BUET2015-06-28 2015-06-28 
 Reading section2015-06-28  Reading Item 15623_000000000000000_FIT_1975623/FIT/1975 Central Library, BUET43679Central Library, BUET2015-06-28 2015-06-28